[Event "Wch U12 Girls blitz"]
[Site "Batumi"]
[Date "2023.06.11"]
[Round "9"]
[White "Skamaroshchanka, Daryia"]
[Black "Akbari, Rosha"]
[Result "1/2-1/2"]
[WhiteElo "1154"]
[BlackElo "1696"]
[PlyCount "161"]
[EventDate "2023.06.10"]
[EventType "swiss (blitz)"]
[EventRounds "11"]
[EventCountry "GEO"]
[SourceTitle "EXT 2024"]
[Source "ChessBase"]
[SourceDate "2023.10.10"]
[SourceVersion "1"]
[SourceVersionDate "2023.10.10"]
[SourceQuality "1"]
[WhiteTeam "FIDE"]
[BlackTeam "Iran"]
[BlackTeamCountry "IRI"]

1. d4 Nf6 2. Bg5 Ne4 3. h4 d5 4. Nf3 c5 5. dxc5 Nc6 6. e3 f6 7. Bf4 e5 8. Bh2 Bxc5 9. Nbd2 Nxd2 10. Nxd2 Be6 11. Nb3 Bb6 12. Be2 Qe7 13. c3 Rd8 14. Qc2 Bc7 15. Bh5+ g6 16. Be2 e4 17. Bxc7 Qxc7 18. 0-0-0 a5 19. Nd4 Nxd4 20. cxd4 Qb6 21. Kb1 Rc8 22. Qd2 Kf7 23. Rc1 h5 24. Rxc8 Rxc8 25. Rc1 Rxc1+ 26. Qxc1 Ke7 27. Qc3 Kd7 28. Qc2 Ke7 29. g3 Kd8 30. b3 Qc7 31. Qxc7+ Kxc7 32. Kb2 Kc6 33. a4 Bf7 34. Bb5+ Kd6 35. Kc3 g5 36. Be2 gxh4 37. gxh4 b6 38. b4 Ke6 39. b5 f5 40. Kd2 Kf6 41. f4 Be8 42. Kc3 Bd7 43. Bxh5 Kg7 44. Bd1 Kh6 45. Kd2 Be8 46. Ke1 Bh5 47. Bb3 Bf7 48. Kf2 Kh5 49. Kg3 Be6 50. Bd1+ Kh6 51. h5 Bf7 52. Kh4 Be6 53. Be2 Bf7 54. Bd1 Be6 55. Be2 Bd7 56. Bd1 Be8 57. Be2 Bf7 58. Bd1 Be6 59. Be2 Bd7 60. Bd1 Be8 61. Be2 Bf7 62. Bd1 Be6 63. Be2 Bf7 64. Bd1 Be8 65. Be2 Bd7 66. Bd1 Be6 67. Be2 Bf7 68. Bd1 Be8 69. Be2 Bd7 70. Bd1 Be6 71. Be2 Bf7 72. Bd1 Be8 73. Be2 Bd7 74. Bd1 Bc8 75. Bb3 Be6 76. Bd1 Bf7 77. Be2 Be8 78. Bd1 Bf7 79. Be2 Be6 80. Bd1 Bd7 81. Be2 1/2-1/2

[Event "Wch U12 Girls"]
[Site "Batumi"]
[Date "2022.09.21"]
[Round "6"]
[White "Skamaroshchanka, Daryia"]
[Black "Beber, Anja"]
[Result "0-1"]
[WhiteElo "1026"]
[BlackElo "1674"]
[PlyCount "48"]
[EventDate "2022.09.16"]
[EventType "swiss"]
[EventRounds "11"]
[EventCountry "GEO"]
[SourceTitle "EXT 2023"]
[Source "ChessBase"]
[SourceDate "2022.10.05"]
[SourceVersion "1"]
[SourceVersionDate "2022.10.05"]
[SourceQuality "1"]

1. e4 g6 2. d4 Bg7 3. f4 d6 4. Nf3 a6 5. Bd3 Nd7 6. 0-0 b5 7. c3 c5 8. e5 Bb7 9. Be3 c4 10. Bc2 d5 11. f5 gxf5 12. Bxf5 e6 13. Bxh7 Rxh7 14. Ng5 Bh6 15. Nxh7 Bxe3+ 16. Kh1 Qh4 17. Qf3 Qxh7 18. Qxe3 Ne7 19. Qf2 Nf5 20. Nd2 0-0-0 21. g4 Nh6 22. Qh4 Rh8 23. g5 Nf5 24. Qxh7 Rxh7 0-1